| 000 | 00345nam a2200145Ia 4500 | ||
|---|---|---|---|
| 008 | 230917s9999||||xx |||||||||||||| ||und|| | ||
| 040 |
_e115684 _aMAIN |
||
| 041 | _aEnglish | ||
| 082 | _aB N315D | ||
| 100 | _aNehru, Jawaharlal | ||
| 245 | 0 | _aDiscovery of India | |
| 260 |
_aNew Delhi _bPenguin _c2004 |
||
| 300 | _axiii, 642 p. | ||
| 942 | _cBK | ||
| 999 |
_c145863 _d145863 |
||